Top 100 best football players of 21st century - Statistics

General Stats
  • This quiz has been taken 2,371 times
  • The average score is 78 of 100
Answer Stats
Hint Country Answer % Correct
7 Ballon d'Or, Barcelona Argentina Lionel Messi
98%
5 Ballon d'Or, Real Madrid Portugal Cristiano Ronaldo
95%
Ballon d'Or 2002, Inter Milan, Real Madrid Brazil Ronaldo
95%
Midfielder, Manchester City Belgium Kevin De Bruyne
89%
Ballon d'Or 2018, Real Madrid Croatia Luka Modric
89%
Forward, Barcelona, PSG Brazil Neymar
89%
Goalkeeper, Bayern Munich Germany Oliver Kahn
89%
Forward, PSG France Kylian Mbappé
88%
Striker, Barcelona, Liverpool Uruguay Luis Suárez
88%
Goalkeeper, Bayern Munich Germany Manuel Neuer
88%
Forward, Liverpool Egypt Mohamed Salah
88%
Midfielder, Barcelona Spain Andres Iniesta
87%
Striker, Manchester City Norway Erling Haaland
87%
Forward, Real Madrid, Tottenham Wales Gareth Bale
87%
Ballon d'Or 2022, Real Madrid France Karim Benzema
87%
Full-back, Bayern Munich Germany Philipp Lahm
87%
Ballon d'Or 2005, Barcelona Brazil Ronaldinho
87%
Striker, Manchester City Argentina Sergio Aguero
87%
Goalkeeper, Chelsea, Real Madrid Belgium Thibaut Courtois
87%
Striker, Chelsea Ivory Coast Didier Drogba
86%
Ballon d'Or 2007, AC Milan Brazil Kakà
86%
Striker, Bayern Munich Poland Robert Lewandowski
86%
Defender, Real Madrid Spain Sergio Ramos
86%
Midfielder, Barcelona Spain Xavi
86%
Striker, Inter Milan, PSG, AC Milan Sweden Zlatan Ibrahimovic
86%
Forward, Arsenal France Thierry Henry
85%
Forward, Chelsea Belgium Eden Hazard
84%
Goalkeeper, Juventus Italy Gianluigi Buffon
84%
Goalkeeper, Real Madrid Spain Iker Casillas
84%
Midfielder, Bayern Munich, Real Madrid Germany Toni Kroos
84%
Defender, Liverpool Netherlands Virgil van Dijk
84%
Forward, Real Madrid, PSG Argentina Angel Di Maria
83%
Forward, Atletico Madrid France Antoine Griezmann
83%
Striker, Tottenham England Harry Kane
83%
Full-back, Real Madrid Brazil Marcelo
83%
Defender, AC Milan Italy Paolo Maldini
83%
Forward, Liverpool Senegal Sadio Mané
83%
Striker, Barcelona, Inter Milan Cameroon Samuel Eto’o
83%
Forward, Bayern Munich Germany Thomas Muller
83%
Goalkeeper, Liverpool Brazil Alisson
82%
Midfielder, Chelsea England Frank Lampard
82%
Goalkeeper, Chelsea Czech Republic Petr Čech
82%
Midfielder, Liverpool England Steven Gerrard
82%
Forward, Manchester United England Wayne Rooney
82%
Midfielder, Real Madrid France Zinedine Zidane
82%
Forward, Bayern Munich Netherlands Arjen Robben
81%
Striker, Liverpool, Chelsea Spain Fernando Torres
81%
Striker, Arsenal, Manchester United Netherlands Robin van Persie
81%
Defender, PSG, Chelsea Brazil Thiago Silva
81%
Defender, Barcelona Spain Carles Puyol
80%
Defender, Barcelona Spain Gerard Piqué
80%
Ballon d'Or 2000, Real Madrid, Inter Milan Portugal Luis Figo
80%
Full-back, Real Madrid Brazil Roberto Carlos
80%
Midfielder, Barcelona Spain Sergio Busquets
80%
Ballon d'Or 2004, AC Milan Ukraine Andriy Shevchenko
79%
Full-back, Barcelona Brazil Dani Alves
79%
Forward, Bayern Munich France Franck Ribery
79%
Ballon d'Or 2001, Liverpool England Michael Owen
79%
Midfielder, Chelsea France N'Golo Kanté
79%
Goalkeeper, Manchester United Netherlands Edwin van der Sar
78%
Ballon d'Or 2006, Juventus, Parma Italy Fabio Cannavaro
78%
Midfielder, Real Madrid, Arsenal Germany Mesut Ozil
78%
Ballon d'Or 2003, Juventus Czech Republic Pavel Nedvěd
78%
Midfielder, AC Milan, Juventus Italy Andrea Pirlo
77%
Forward, Manchester United, Real Madrid England David Beckham
77%
Forward, Roma Italy Francesco Totti
77%
Defender, Manchester United Serbia Nemanja Vidic
77%
Defender, Manchester United England Rio Ferdinand
77%
Midfielder, Real Madrid Brazil Casemiro
76%
Forward, Barcelona, Valencia Spain David Villa
76%
Defender, Chelsea England John Terry
76%
Midfielder, Real Madrid, Liverpool Spain Xabi Alonso
76%
Defender, Juventus Italy Giorgio Chiellini
74%
Midfielder, Manchester United England Paul Scholes
74%
Forward, Manchester United Wales Ryan Giggs
74%
Striker, Atletico Madrid Colombia Radamel Falcao
73%
Midfielder, Manchester United Ireland Roy Keane
73%
Striker, Manchester United, Real Madrid Netherlands Ruud van Nistelrooy
73%
Forward, Real Madrid Spain Raúl
72%
Full-back, Roma, AC Milan Brazil Cafu
71%
Full-back, Inter Milan Argentina Javier Zanetti
71%
Forward, Barcelona Brazil Rivaldo
71%
Forward, Juventus Italy Alessandro Del Piero
68%
Defender, AC Milan Italy Alessandro Nesta
68%
Midfielder, Bayer Leverkusen, Chelsea Germany Michael Ballack
67%
Midfielder, Bayern Munich Germany Bastian Schweinsteiger
66%
Midfielder, Arsenal, Inter Milan France Patrick Vieira
66%
Midfielder, Barcelona, Porto Portugal Deco
64%
Forward, Arsenal Netherlands Dennis Bergkamp
63%
Midfielder, Inter Milan, Real Madrid Netherlands Wesley Sneijder
63%
Midfielder, AC Milan Netherlands Clarence Seedorf
61%
Striker, Juventus France David Trezeguet
58%
Defender, Juventus France Lilian Thuram
57%
Defender, Inter Milan, Bayer Leverkusen Brazil Lucio
56%
Midfielder, AC Milan Portugal Rui Costa
56%
Striker, Lazio, Inter Milan Argentina Hernán Crespo
55%
Midfielder, Villarreal, Boca Juniors Argentina Juan Román Riquelme
55%
Defender, Real Madrid Spain Fernando Hierro
52%
Striker, Inter Milan Italy Christian Vieri
40%
Defender, Roma, Inter Milan Argentina Walter Samuel
35%
No matching quizzes found
Score Distribution
Percent of People with Each Score
Percentile by Number Answered
Your Score History
You have not taken this quiz